Mujer y legislación
Sparad:
| Huvudupphovsman: | |
|---|---|
| Materialtyp: | Bok |
| Språk: | spanska |
| Publicerad: |
Santiago
Unicef, Oficina de Area para Argentina, Chile y Uruguay
1990
|
| Ämnen: | |
| Taggar: |
Lägg till en tagg
Inga taggar, Lägg till första taggen!
|
MARC
| LEADER | 00000nam a2200000 a 4500 | ||
|---|---|---|---|
| 001 | UCW6217 | ||
| 003 | CL-VaPUC | ||
| 008 | 911106e19900000CL |||||||||||||||||spa|d | ||
| 082 | 0 | 4 | |a 346.0130983 |b SAR |2 21 |
| 100 | 0 | |a Sariego, Jorge |e author |9 311232 | |
| 245 | 1 | 0 | |a Mujer y legislación |
| 300 | |a 55 p | ||
| 942 | |c BK | ||
| 945 | |d 19911106 00:00:00 | ||
| 260 | |a Santiago |b Unicef, Oficina de Area para Argentina, Chile y Uruguay |c 1990 | ||
| 650 | 7 | |a MUJERES SITUACION LEGAL |2 CL-VaPUC |9 311233 | |
| 651 | 7 | |a CHILE |2 CL-VaPUC |9 311234 | |
| 583 | |a last modification |c 19911106 00:00:00 |k Rodrigo Vera | ||
| 999 | |c 219365 |d 219363 | ||
| 952 | |0 0 |1 0 |4 0 |6 346_013098300000000_SAR_1990 |7 0 |8 P |9 210219 |a BIBEDU |b BIBEDU |c BIBEDU_PB |d 2019-11-15 |i 278288K |o 346.0130983 SAR 1990 |p 278288K |r 2024-01-25 |w 2019-11-15 |y BK |k EDU | ||